Công nghệ bảo quản, chế biến nông sản sau thu hoạch

Bảo quản và chế biến thóc gạo. Thu hoạch, bảo quản, chế biến ngô, sắn, khoai tây. Giới thiệu dụng cụ và một số loại máy sấy hạt nông sản

שמור ב:
מידע ביבליוגרפי
מחבר ראשי: Trần Văn Chương
פורמט: ספר
שפה:Undetermined
יצא לאור: Hà Nội Văn hóa dân tộc 2000
נושאים:
תגים: הוספת תג
אין תגיות, היה/י הראשונ/ה לתייג את הרשומה!
Thư viện lưu trữ: Trung tâm Học liệu Trường Đại học Cần Thơ
LEADER 00792nam a2200193Ia 4500
001 CTU_40604
008 210402s9999 xx 000 0 und d
082 |a 664.028 
082 |b Ch561/T.1 
100 |a Trần Văn Chương 
245 0 |a Công nghệ bảo quản, chế biến nông sản sau thu hoạch 
245 0 |c Trần Văn Chương 
260 |a Hà Nội 
260 |b Văn hóa dân tộc 
260 |c 2000 
520 |a Bảo quản và chế biến thóc gạo. Thu hoạch, bảo quản, chế biến ngô, sắn, khoai tây. Giới thiệu dụng cụ và một số loại máy sấy hạt nông sản 
650 |a Postharvesting 
904 |i Trọng Hải 
980 |a Trung tâm Học liệu Trường Đại học Cần Thơ